ՀՀ Գիտությունների ազգային ակադեմիայի հիմնարար գիտական գրադարան  =   Fundamental Scientific Library of NAS RA

Проблемы обучения иностранным языкам / (Record no. 53359)

MARC details
000 -LEADER
fixed length control field 01463nam a22002657a 4500
001 - CONTROL NUMBER
control field 000156756
003 - CONTROL NUMBER IDENTIFIER
control field AM-YeHGA
005 - DATE AND TIME OF LATEST TRANSACTION
control field 20250617123204.0
008 - FIXED-LENGTH DATA ELEMENTS--GENERAL INFORMATION
fixed length control field 010709s1970 ru ||||| |||| 00| 0 rus d
040 ## - CATALOGING SOURCE
Original cataloging agency AM-YeHGA
041 0# - LANGUAGE CODE
Language code of text/sound track or separate title rus
090 ## - LOCALLY ASSIGNED LC-TYPE CALL NUMBER (OCLC); LOCAL CALL NUMBER (RLIN)
-- 54182
245 00 - TITLE STATEMENT
Title Проблемы обучения иностранным языкам /
Statement of responsibility, etc. [Ред. коллегия П.Б. Гурвич, Ю.А. Кудряшов и др.].
260 ## - PUBLICATION, DISTRIBUTION, ETC.
Place of publication, distribution, etc. Владимир :
Name of publisher, distributor, etc. Изд-во Владимирского гос. пед. ин-та,
Date of publication, distribution, etc. 1970.
300 ## - PHYSICAL DESCRIPTION
Extent т.
500 ## - GENERAL NOTE
General note Министерство просвещения РСФСР
505 10 - FORMATTED CONTENTS NOTE
Miscellaneous information Т. V, Ч. 1 (1970, 300 с.)
-- Т. V, Ч. 2 (1970, 301-484 с.)
-- Т. 6 (1975, 264 с.)
Title Исследования в области обучения устной речи
Miscellaneous information Т. 8 (1973, 354 c.)
-- Т. 9 (1975, 152 с.)
-- Т. 10 (1975, 170 с.)
Title Исследования в области начального обучения иностранным языкам
Miscellaneous information Т. 11 (1976, 122 с.)
-- Т. 12 (197б, 118 с.)
-- Т. 13 (1977; 123 с.)
650 14 - SUBJECT ADDED ENTRY--TOPICAL TERM
Topical term or geographic name entry element Анализ текста
650 14 - SUBJECT ADDED ENTRY--TOPICAL TERM
Topical term or geographic name entry element Обучение устной речи
650 14 - SUBJECT ADDED ENTRY--TOPICAL TERM
Topical term or geographic name entry element Обучение языковому материалу
700 1# - ADDED ENTRY--PERSONAL NAME
Personal name Гурвич, П.Б.
Relationship edt
700 1# - ADDED ENTRY--PERSONAL NAME
Personal name Кудряшов, Ю.А.
Relationship edt
710 2# - ADDED ENTRY--CORPORATE NAME
Corporate name or jurisdiction name as entry element Владимирский гос. пед. ин-т им. П.И. Лебедева-Полянского
942 ## - ADDED ENTRY ELEMENTS (KOHA)
Source of classification or shelving scheme Universal Decimal Classification
Koha item type Գրքեր / Books
Holdings
Withdrawn status Lost status Source of classification or shelving scheme Damaged status Not for loan Collection Home library Current library Date acquired Serial enumeration / chronology Total checkouts Full call number Barcode Date last seen Price effective from Koha item type Public note
    Universal Decimal Classification     General Fundamental Scientific Library Fundamental Scientific Library 22/12/2016 Т. 10   PII/374337 FL0347456 22/12/2016 22/12/2016 Գրքեր / Books 30 Days Loan
    Universal Decimal Classification     General Fundamental Scientific Library Fundamental Scientific Library 22/12/2016 Т. 11   PII/377838 FL0352457 22/12/2016 22/12/2016 Գրքեր / Books 30 Days Loan
    Universal Decimal Classification     General Fundamental Scientific Library Fundamental Scientific Library 22/12/2016 Т. 13   PII/416184 FL0430756 22/12/2016 22/12/2016 Գրքեր / Books 30 Days Loan
    Universal Decimal Classification     General Fundamental Scientific Library Fundamental Scientific Library 03/04/2023 Т. 9   PII/351887 FL0302758 03/04/2023 03/04/2023 Գրքեր / Books 30 Days Loan
    Universal Decimal Classification     General Fundamental Scientific Library Fundamental Scientific Library 03/04/2023 T. 6   PII/319681 FL0235962 03/04/2023 03/04/2023 Գրքեր / Books 30 Days Loan
    Universal Decimal Classification     General Fundamental Scientific Library Fundamental Scientific Library 03/04/2023 Т. 12   PII/384011 FL0366387 03/04/2023 03/04/2023 Գրքեր / Books 30 Days Loan
    Universal Decimal Classification     General Fundamental Scientific Library Fundamental Scientific Library 03/04/2023 T. 8   PII/326111 FL0257986 03/04/2023 03/04/2023 Գրքեր / Books 30 Days Loan


ՀՀ ԳԱԱ հիմնարար գիտական գրադարան
ՀՀ,Երևան 0019
Մարշալ Բաղրամյան 24/6
հեռախոս:(374-10) 52-47-50
Հետադարձ կապ

All site content, except where otherwise noted, is licensed under a
Creative Commons License